000 00841nam a2200301 i 4500
001 0336446
003 DO-SdBNP
005 20180221092615.0
007 0336446
008 921123c1992 sp | | spa d
016 7 _a
_z
_2BPMSU
017 _a
_b
020 _a8434808986
035 _a
040 _aBPMSU
_bspa
_c BPMSU
080 4 _a
100 1 _aVázquez-Vigo, Carmen
245 1 0 _aCaramelos de menta /
_cCarmen Vázquez-Vigo ; cubierta e ilustraciones, Antonio Tello
_h
250 _a18ª ed.
260 _aMadrid :
_bSM,
_c1992
300 _a132 p.:
_bil.,
_c19 cm
490 1 _aEl barco de vapor
_aSerie azul
_v2
700 1 _aTello, Antonio
_d1951-
_eil.
830 3 _aEl barco de vapor
_v 2
_pSerie azul
942 _2ddc
_cBK
945 _ainventariado, 2018 / dg
956 _aVMATEO
_210
_320160405
_6BPMSU
_80069
999 _c9539
_d9539